000 00482nam a2200181Ia 4500
008 151018s9999 xx 000 0 und d
082 _bRBASDV35824
_a891.463
100 _aविमल वाणी
245 _aसूड
250 _b1
260 _bअमोल प्रकाशन मुंबई
300 _a152
600 _aविमल वाणी
630 _aसूड
700 _aविमल वाणी
730 _aसूड
942 _cBOOK
999 _c1035297
_d1035294